LIBRARY ONLINE CATALOGUE

Proceedings. (Record no. 13529)

MARC details
000 -LEADER
fixed length control field 00815cam a22002172 4500
001 - CONTROL NUMBER
control field 0000012853
005 - DATE AND TIME OF LATEST TRANSACTION
control field 20151217155853.0
008 - FIXED-LENGTH DATA ELEMENTS--GENERAL INFORMATION
fixed length control field 090324s xx 000 0 eng d
040 ## - CATALOGING SOURCE
Original cataloging agency KABU
Transcribing agency KABU
111 2# - MAIN ENTRY--MEETING NAME
Meeting name or jurisdiction name as entry element Conference of the University of East Africa Social Science Council
Location of meeting Nairobi :
Date of meeting 1969 December 8 - 12 :
Number of part/section/meeting 20th.
-- 0000169813
245 10 - TITLE STATEMENT
Title Proceedings.
250 ## - EDITION STATEMENT
Edition statement 1st ed.
260 ## - PUBLICATION, DISTRIBUTION, ETC. (IMPRINT)
Place of publication, distribution, etc. Nairobi :
Name of publisher, distributor, etc. Universities of East Africa,
Date of publication, distribution, etc. 1969.
300 ## - PHYSICAL DESCRIPTION
Extent v.
650 #0 - SUBJECT ADDED ENTRY--TOPICAL TERM
Topical term or geographic name as entry element Social sciences
General subdivision History
-- Congresses
Geographic subdivision Africa.
-- 0000169811
650 #0 - SUBJECT ADDED ENTRY--TOPICAL TERM
Topical term or geographic name as entry element Social Sciences
General subdivision Research
-- Congresses
Geographic subdivision Africa.
-- 0000169812
852 1# - LOCATION
-- p500 KES
852 1# - LOCATION
-- p500 KES
908 ## - PUT COMMAND PARAMETER (RLIN)
Put command parameter 090324
950 ## - LOCAL HOLDINGS (RLIN)
-- 1
Holdings
Withdrawn status Lost status Source of classification or shelving scheme Not for loan Home library Current library Date acquired Total Checkouts Full call number Barcode Date last seen Price effective from Koha item type
    Library of Congress Classification   Kabarak, Main Campus Kabarak, Main Campus 17/12/2015   AS625 .A3C66 1969 v. I c. 1 17318 17/12/2015 17/12/2015 Africana Collection
    Library of Congress Classification   Kabarak, Main Campus Kabarak, Main Campus 17/12/2015   AS625 .A3C66 1969 v. III c. 1 17317 17/12/2015 17/12/2015 Africana Collection